[Event "Guernsey Open"]
[Site "Guernsey GCI"]
[Date "2008.10.24"]
[Round "6"]
[White "Gravett, Alan D"]
[Black "Burton, Ronnie"]
[Result "1/2-1/2"]
[WhiteElo "1948"]
[BlackElo "2052"]
[PlyCount "39"]
[EventDate "2008.10.19"]
[SourceDate "2006.10.28"]

1. g3 e5 2. Bg2 Nc6 3. c4 f5 4. Nc3 Nf6 5. d3 d6 6. e3 g6 7. Nge2 Bg7 8. Rb1 a5
9. O-O O-O 10. h3 Be6 11. Kh2 Qd7 12. Nd5 Bxd5 13. cxd5 Ne7 14. e4 c5 15. f4
Ne8 16. fxe5 dxe5 17. Be3 Qd6 18. Rc1 b6 19. Qd2 Rc8 20. Kh1 1/2-1/2

[Event "Guernsey Open"]
[Site "Guernsey GCI"]
[Date "2008.10.24"]
[Round "6"]
[White "Van der Sanden, Martin"]
[Black "Ozanne, M."]
[Result "1-0"]
[WhiteElo "1884"]
[BlackElo "2042"]
[PlyCount "73"]
[EventDate "2008.10.19"]
[SourceDate "2006.10.28"]

1. e4 c5 2. Nf3 d6 3. d4 cxd4 4. Nxd4 Nf6 5. Nc3 a6 6. Bc4 e6 7. Bb3 b5 8. O-O
Be7 9. Re1 O-O 10. f3 Nbd7 11. Bxe6 fxe6 12. Nxe6 Qb6+ 13. Be3 Qc6 14. Nxf8
Bxf8 15. Qd2 Bb7 16. Ne2 d5 17. Nd4 Qd6 18. Bf4 Qb6 19. e5 Nh5 20. Bg5 Bc5 21.
c3 Re8 22. f4 Qg6 23. g4 h6 24. gxh5 Qxh5 25. Bxh6 Qxh6 26. Re2 Nf8 27. Kh1 Ng6
28. Rg1 Nxf4 29. Rg4 Rf8 30. Rf2 Nh3 31. Qxh6 Nxf2+ 32. Kg2 Nxg4 33. Qe6+ Kh8
34. Qxg4 Bc8 35. Qg6 b4 36. e6 Be7 37. Nf5 1-0

[Event "Guernsey Open"]
[Site "Guernsey GCI"]
[Date "2008.10.24"]
[Round "6"]
[White "Guttridge, David"]
[Black "Downey, Keith A"]
[Result "1/2-1/2"]
[WhiteElo "1992"]
[BlackElo "1887"]
[PlyCount "48"]
[EventDate "2008.10.19"]
[SourceDate "2006.10.28"]

1. d4 Nf6 2. Nf3 e6 3. e3 b6 4. Bd3 Bb7 5. O-O Be7 6. b3 c5 7. Bb2 O-O 8. Nbd2
Nc6 9. a3 cxd4 10. exd4 d6 11. Re1 Re8 12. c4 Bf8 13. Rc1 Rc8 14. Bb1 g6 15. d5
Nb8 16. dxe6 fxe6 17. Ng5 e5 18. Nge4 Nbd7 19. Nxf6+ Nxf6 20. Ne4 Rc7 21. Nxf6+
Qxf6 22. Be4 Rf7 23. Rc2 Bxe4 24. Rxe4 Qe6 1/2-1/2

[Event "Guernsey Open"]
[Site "Guernsey GCI"]
[Date "2008.10.24"]
[Round "6"]
[White "De Graaf, Arnoud"]
[Black "Hickman, John E"]
[Result "0-1"]
[WhiteElo "1785"]
[BlackElo "1989"]
[PlyCount "58"]
[EventDate "2008.10.19"]
[SourceDate "2006.10.28"]

1. Nf3 d6 2. d4 g6 3. c4 Bg7 4. Nc3 Nd7 5. g3 Ngf6 6. Bg2 O-O 7. O-O e5 8. d5
a5 9. e4 Nc5 10. Qc2 Nh5 11. Be3 b6 12. a3 f5 13. b4 f4 14. Bxc5 bxc5 15. bxc5
dxc5 16. Rab1 Qe7 17. Rb2 Bh6 18. Nd1 Ra6 19. Rb8 Nf6 20. Re1 Nd7 21. Rb5 Raf6
22. Qc3 fxg3 23. fxg3 a4 24. Ra5 Qf7 25. Nh4 Rf2 26. Ne3 Nf6 27. Rf1 Ng4 28.
Nef5 Rxf1+ 29. Bxf1 gxf5 0-1

[Event "Guernsey Open"]
[Site "Guernsey GCI"]
[Date "2008.10.24"]
[Round "6"]
[White "Dennis, Nigel W"]
[Black "Blijlevens, Pim"]
[Result "0-1"]
[WhiteElo "1978"]
[BlackElo "1849"]
[PlyCount "66"]
[EventDate "2008.10.19"]
[SourceDate "2006.10.28"]

1. e4 c5 2. Nf3 Nc6 3. d4 cxd4 4. Nxd4 e5 5. Nb5 a6 6. Nd6+ Bxd6 7. Qxd6 Qf6 8.
Qxf6 Nxf6 9. Bd3 Nb4 10. O-O Nxd3 11. cxd3 d6 12. Nc3 b5 13. a3 Be6 14. f4 Nd7
15. Be3 Rc8 16. d4 Bb3 17. Rac1 O-O 18. d5 Nc5 19. Bxc5 Rxc5 20. fxe5 dxe5 21.
Nb1 Rc2 22. d6 Rd8 23. Rfd1 Kf8 24. Nd2 Rxb2 25. Nxb3 Rxb3 26. a4 Rb4 27. axb5
axb5 28. Rc5 f6 29. Rdd5 Rxe4 30. Rxb5 Rd7 31. Kf2 Kf7 32. Rbc5 Rd4 33. Rc8
Rxd6 0-1

[Event "Guernsey Open"]
[Site "Guernsey GCI"]
[Date "2008.10.24"]
[Round "6"]
[White "Ruigrok, Jacques"]
[Black "Morcom, Hugh C"]
[Result "0-1"]
[WhiteElo "1801"]
[BlackElo "1978"]
[PlyCount "70"]
[EventDate "2008.10.19"]
[SourceDate "2006.10.28"]

1. e4 c5 2. d4 cxd4 3. c3 d3 4. Bxd3 Nc6 5. Nf3 g6 6. O-O Bg7 7. Nbd2 d6 8. Bc4
Nf6 9. Re1 O-O 10. h3 a6 11. Nf1 Qc7 12. Qe2 b5 13. Bd3 Bb7 14. Ne3 e6 15. Nc2
Ne5 16. Nxe5 dxe5 17. Bg5 h6 18. Bxf6 Bxf6 19. Ne3 Bg7 20. c4 Rfd8 21. cxb5
axb5 22. Rac1 Qb6 23. a3 b4 24. Nc4 Qd4 25. Red1 bxa3 26. Nxa3 Rac8 27. Rxc8
Rxc8 28. Bb1 Ba6 29. Rxd4 Bxe2 30. Rd2 Ba6 31. Rd6 Bb7 32. Rb6 Ba8 33. Kh2 Bf8
34. Nb5 Bc5 35. Nd6 Rd8 0-1

[Event "Guernsey Open"]
[Site "Guernsey GCI"]
[Date "2008.10.24"]
[Round "6"]
[White "Brookfield, Toby"]
[Black "Fassaert, DJM."]
[Result "1-0"]
[WhiteElo "1763"]
[BlackElo "2002"]
[PlyCount "51"]
[EventDate "2008.10.19"]
[SourceDate "2006.10.28"]

1. e4 c6 2. d4 d5 3. f3 e6 4. Nc3 Bb4 5. Bf4 Nf6 6. e5 Nfd7 7. Qd3 b6 8. Nge2
Ba6 9. Qe3 h6 10. O-O-O Qc7 11. g4 c5 12. Nxd5 Qb7 13. Nxb4 cxb4 14. Qd2 Qxf3
15. Rg1 Nc6 16. Rg3 Qd5 17. Kb1 Rc8 18. Bg2 Qc4 19. d5 Qxe2 20. Qxe2 Bxe2 21.
dxc6 Nc5 22. Rd6 Rc7 23. h3 Ke7 24. g5 h5 25. g6 f5 26. Bg5+ 1-0

[Event "Guernsey Open"]
[Site "Guernsey GCI"]
[Date "2008.10.24"]
[Round "6"]
[White "Goris Schouwstra, Adri"]
[Black "Wagner, Ghislain"]
[Result "1-0"]
[WhiteElo "1943"]
[BlackElo "1862"]
[PlyCount "111"]
[EventDate "2008.10.19"]
[SourceDate "2006.10.28"]

1. d4 e6 2. Nf3 b6 3. e3 Bb7 4. Be2 f5 5. O-O Nf6 6. c4 Be7 7. Nc3 O-O 8. Qb3
d6 9. Rd1 Qe8 10. d5 e5 11. c5 Na6 12. c6 Bc8 13. Nb5 Bd8 14. Qc4 Nc5 15. b4
Nce4 16. Bb2 Kh8 17. Nc3 a5 18. b5 Qg6 19. Nd2 Ng5 20. Kh1 Nf7 21. f4 Re8 22.
Nf1 Ng4 23. Kg1 Bf6 24. h3 Ngh6 25. Rd2 Ng8 26. Nd1 Bd8 27. Nf2 Nf6 28. Rad1
exf4 29. Qxf4 Ne4 30. Nxe4 fxe4 31. Qg3 Qh6 32. Bd4 Rf8 33. Nh2 Bg5 34. Rf1 Kg8
35. Ng4 Bxg4 36. Bxg4 Ne5 37. Be6+ Kh8 38. Rdf2 Rxf2 39. Qxf2 Ng6 40. Qg3 Bh4
41. Qg4 Ne5 42. Qxe4 Bf6 43. a4 Qg5 44. Rf2 Re8 45. Rf5 Qg3 46. Rf2 h6 47. Qf5
Rd8 48. Qh5 Bh4 49. Rf1 Bg5 50. Qe2 Bf6 51. Bxb6 Nc4 52. Rf3 Qxf3 53. Qxf3 Nxb6
54. Qf5 Rf8 55. Qg6 Nc4 56. Bf5 1-0

[Event "Guernsey Open"]
[Site "Guernsey GCI"]
[Date "2008.10.24"]
[Round "6"]
[White "Cummins, John M"]
[Black "Reutimann, Hans Peter"]
[Result "0-1"]
[WhiteElo "1919"]
[BlackElo "1761"]
[PlyCount "88"]
[EventDate "2008.10.19"]
[SourceDate "2006.10.28"]

1. e4 e6 2. d4 d5 3. Nd2 c5 4. Ngf3 Nc6 5. Bb5 Qb6 6. Bxc6+ bxc6 7. exd5 cxd5
8. c3 Ba6 9. Nb3 Nf6 10. Ne5 Be7 11. f3 h6 12. Kf2 Bd6 13. g3 c4 14. Nxf7 Kxf7
15. Nd2 Rhf8 16. Kg2 Kg8 17. Re1 Rae8 18. f4 Bb7 19. Nf3 Ne4 20. Re2 Qd8 21.
Be3 Rf6 22. Qc2 Ref8 23. Rf1 Qe8 24. Ree1 Qh5 25. Nd2 Nxd2 26. Qxd2 Bc8 27. Kg1
Qg6 28. Qg2 Bd7 29. Re2 Qe4 30. Rfe1 Qd3 31. Rd2 Qg6 32. Rde2 h5 33. Rf1 Be8
34. Ref2 Qh7 35. Re1 Bg6 36. Qf1 Be4 37. Qe2 Qg6 38. Qd1 h4 39. f5 Bxf5 40. Bf4
Bxf4 41. Rxf4 hxg3 42. h4 Bg4 43. h5 Qg5 44. Rxg4 Qf5 0-1

[Event "Guernsey Open"]
[Site "Guernsey GCI"]
[Date "2008.10.24"]
[Round "6"]
[White "Badenhop, WEH."]
[Black "Coenen, Albert"]
[Result "1/2-1/2"]
[WhiteElo "1900"]
[BlackElo "1918"]
[PlyCount "50"]
[EventDate "2008.10.19"]
[SourceDate "2006.10.28"]

1. c4 e5 2. Nc3 Nf6 3. g3 d5 4. Bg2 dxc4 5. Nf3 Bd6 6. b3 cxb3 7. Qxb3 c6 8.
Bb2 O-O 9. O-O Na6 10. Rab1 Bf5 11. d3 Nc5 12. Qc2 e4 13. Ne1 exd3 14. Nxd3
Nxd3 15. exd3 Be5 16. Ne4 Bxb2 17. Rxb2 Bxe4 18. dxe4 Rb8 19. Qc5 Re8 20. Qxa7
b6 21. Qa4 b5 22. Qc2 Qb6 23. Rc1 Rbc8 24. Qd3 Rcd8 25. Qc2 Rc8 1/2-1/2

[Event "Guernsey Open"]
[Site "Guernsey GCI"]
[Date "2008.10.24"]
[Round "6"]
[White "Heath, Jeffrey"]
[Black "Nicholson, J."]
[Result "0-1"]
[WhiteElo "1925"]
[BlackElo "1877"]
[PlyCount "48"]
[EventDate "2008.10.19"]
[SourceDate "2006.10.28"]

1. e4 e6 2. d4 d5 3. exd5 exd5 4. Nf3 Nf6 5. Be2 Bd6 6. O-O O-O 7. Bg5 Be6 8.
Nbd2 Nbd7 9. Re1 c5 10. c3 Qc7 11. Nf1 Ne4 12. Bh4 f5 13. N3d2 Rae8 14. f3 Nef6
15. Bb5 h6 16. Bf2 c4 17. Ba4 a6 18. Bc2 g5 19. Rxe6 Rxe6 20. Bxf5 Re7 21. Bg6
g4 22. Ng3 Rg7 23. Qc2 gxf3 24. Nf5 Bxh2+ 0-1

[Event "Guernsey Open"]
[Site "Guernsey GCI"]
[Date "2008.10.25"]
[Round "?.7"]
[White "Wallace, Paul Anthony"]
[Black "Hillarp Persson, Tiger"]
[Result "0-1"]
[WhiteElo "2259"]
[BlackElo "2543"]
[PlyCount "86"]
[EventDate "2008.10.19"]
[SourceDate "2006.10.28"]

1. e4 c5 2. Nf3 e6 3. d4 cxd4 4. Nxd4 a6 5. Bd3 Bc5 6. Nb3 Be7 7. O-O d6 8. a4
b6 9. f4 Nd7 10. Qe2 Qc7 11. Nc3 Bb7 12. Bd2 Ngf6 13. Rae1 h5 14. e5 dxe5 15.
fxe5 Ng4 16. Be4 Bxe4 17. Qxe4 Rc8 18. Bf4 Bc5+ 19. Nxc5 Qxc5+ 20. Be3 Qxe5 21.
Qxe5 Ngxe5 22. Bxb6 Nxb6 23. Rxe5 Nc4 24. Rg5 g6 25. Ne4 Ke7 26. Rg3 Rhd8 27.
Rb3 Rc7 28. Rc3 Rdc8 29. b3 Ne5 30. Rxc7+ Rxc7 31. c4 f5 32. Nd2 Nc6 33. Nf3
Rb7 34. Rb1 a5 35. Kf2 Rd7 36. Rb2 e5 37. Rd2 Rxd2+ 38. Nxd2 Kd6 39. Nf3 Kc5
40. Ke3 Kb4 41. Nh4 Kxb3 42. Nxg6 Kxa4 43. c5 Kb3 0-1

[Event "Guernsey Open"]
[Site "Guernsey GCI"]
[Date "2008.10.25"]
[Round "?.7"]
[White "Kurajica, Bojan"]
[Black "Spraggett, Kevin"]
[Result "0-1"]
[WhiteElo "2540"]
[BlackElo "2597"]
[PlyCount "108"]
[EventDate "2008.10.19"]
[SourceDate "2006.10.28"]

1. d4 Nf6 2. Nf3 e6 3. g3 c5 4. Bg2 cxd4 5. O-O a6 6. Nxd4 Qc7 7. b3 d6 8. c4
Be7 9. Nc3 O-O 10. Bb2 Nbd7 11. e3 Re8 12. f4 Nf8 13. Qf3 Ng6 14. h3 Rb8 15.
Qf2 h6 16. g4 Rf8 17. Rac1 Bd7 18. Nce2 Rbc8 19. a4 Qb8 20. Nc3 b6 21. Qg3 Nh7
22. Be4 Rc7 23. Nf5 Nf6 24. Nxe7+ Nxe7 25. Bb1 Bc6 26. g5 Nh5 27. Qh4 g6 28.
gxh6 Nf5 29. Bxf5 exf5 30. Kf2 Kh7 31. Rg1 b5 32. cxb5 axb5 33. axb5 Ba8 34.
Ne2 Rxc1 35. Rxc1 Qb7 36. Rc6 Re8 37. Nd4 Qd7 38. Rc1 Qb7 39. Rc6 Qd7 40. Rc1
Qa7 41. Qg5 Qa2 42. Rc2 Bd5 43. b6 Qa6 44. Rd2 Qa5 45. Re2 Bb7 46. Rc2 Qxb6 47.
Nxf5 Qxb3 48. Re2 Qd5 49. Nd4 Qh1 50. f5 Qxh3 51. fxg6+ fxg6 52. Ke1 Ng3 53.
Qf4 Qh1+ 54. Kd2 Ne4+ 0-1

[Event "Guernsey Open"]
[Site "Guernsey GCI"]
[Date "2008.10.25"]
[Round "?.7"]
[White "Cornelisse, Johnny JA"]
[Black "Broek, Thomas"]
[Result "1/2-1/2"]
[WhiteElo "2203"]
[BlackElo "2229"]
[PlyCount "101"]
[EventDate "2008.10.19"]
[SourceDate "2006.10.28"]

1. d4 Nf6 2. Nf3 c5 3. d5 e6 4. c4 exd5 5. cxd5 b5 6. e3 Qb6 7. a4 Bb7 8. Bxb5
Nxd5 9. O-O Nc7 10. Bd3 Nc6 11. Na3 Nb4 12. Bf5 Ne6 13. Bd2 d5 14. Bc3 Rd8 15.
Qb1 d4 16. exd4 Bxf3 17. dxc5 Bxc5 18. gxf3 O-O 19. Nc4 Qc7 20. Qe4 Nd3 21.
Bxh7+ Kh8 22. Qh4 Be7 23. Qh6 Bg5 24. Bxg7+ Nxg7 25. Qxg5 Kxh7 26. Ne3 Qf4 27.
Qxf4 Nxf4 28. Rfd1 Nge6 29. Rxd8 Rxd8 30. Rd1 Rxd1+ 31. Nxd1 Nd4 32. Nc3 Nxf3+
33. Kf1 Nxh2+ 34. Ke1 Nd3+ 35. Kd2 Nxb2 36. Kc2 Nc4 37. Kd3 Nd6 38. Kd4 Ng4 39.
Kd5 Nc8 40. f3 Nh2 41. f4 Nb6+ 42. Kc6 Nxa4 43. Nxa4 Kg6 44. Nc5 Kf5 45. Nd3
Ke4 46. Ne5 f5 47. Ng6 Nf3 48. Kb5 Nd4+ 49. Ka6 Ne6 50. Kxa7 Nxf4 51. Ne7
1/2-1/2

[Event "Guernsey Open"]
[Site "Guernsey GCI"]
[Date "2008.10.25"]
[Round "?.7"]
[White "Havenaar, Jan"]
[Black "Bisby, Daniel L"]
[Result "0-1"]
[WhiteElo "2170"]
[BlackElo "2287"]
[PlyCount "70"]
[EventDate "2008.10.19"]
[SourceDate "2006.10.28"]

1. e4 c5 2. Nc3 Nc6 3. f4 g6 4. Nf3 Bg7 5. Bb5 Nd4 6. Nxd4 cxd4 7. Ne2 a6 8.
Bd3 d6 9. O-O Nf6 10. c3 dxc3 11. bxc3 b5 12. Bc2 Bb7 13. Ng3 Qc7 14. Qe2 O-O
15. Bb2 Rac8 16. f5 Nd7 17. fxg6 hxg6 18. Rac1 Ne5 19. d4 Nc4 20. Ba1 e5 21.
Rf3 d5 22. Rd1 dxe4 23. Bxe4 f5 24. Bxb7 Qxb7 25. dxe5 Nxe5 26. Re3 Ng4 27. Rf3
Rfe8 28. Qc2 Re3 29. Nxf5 gxf5 30. Qxf5 Rxf3 31. gxf3 Qb6+ 32. Kh1 Nf2+ 33. Kg2
Nxd1 34. Qxc8+ Kh7 35. Qd7 Qf2+ 0-1

[Event "Guernsey Open"]
[Site "Guernsey GCI"]
[Date "2008.10.25"]
[Round "?.7"]
[White "Kett, Timothy"]
[Black "Jackson, Oliver A"]
[Result "1-0"]
[WhiteElo "2272"]
[BlackElo "2182"]
[PlyCount "103"]
[EventDate "2008.10.19"]
[SourceDate "2006.10.28"]

1. e4 c5 2. Nf3 e6 3. d4 cxd4 4. Nxd4 a6 5. Nc3 Qc7 6. Be2 Nf6 7. O-O Nc6 8.
Kh1 Nxd4 9. Qxd4 Bc5 10. Qd3 h5 11. Qh3 b5 12. Bf3 Qe5 13. Qh4 Bd6 14. Ne2 Rb8
15. Bf4 Qc5 16. Qg3 Bxf4 17. Nxf4 Qe5 18. Qxg7 Rh7 19. Nd3 Qxh2+ 20. Kxh2 Rxg7
21. e5 Ng4+ 22. Kg1 h4 23. Rfe1 Nh6 24. c3 Nf5 25. Kh2 Ke7 26. a4 b4 27. Nxb4
a5 28. Nd3 Ba6 29. Nc5 Bc4 30. b3 Bd5 31. Bxd5 exd5 32. Rab1 Rbg8 33. Rg1 Ng3
34. Rb2 Nh5 35. Nd3 f6 36. b4 fxe5 37. Nxe5 Nf4 38. f3 Kd6 39. Ng4 d4 {(=)} 40.
Rd1 d3 41. bxa5 Re8 42. a6 Kc5 43. Rb4 Nd5 44. Rd4 Ne3 45. Nxe3 Rxe3 46. R1xd3
Re2 47. Rg4 Rxg4 48. fxg4 d5 49. a7 Re8 50. Rd4 Ra8 51. Kh3 Rxa7 52. Kxh4 1-0

[Event "Guernsey Open"]
[Site "Guernsey GCI"]
[Date "2008.10.25"]
[Round "?.7"]
[White "Timmermans, Ivo"]
[Black "Spice, Alan"]
[Result "1-0"]
[WhiteElo "2226"]
[BlackElo "2173"]
[PlyCount "79"]
[EventDate "2008.10.19"]
[SourceDate "2006.10.28"]

1. c4 e6 2. Nc3 b6 3. e4 Bb7 4. d4 Bb4 5. f3 c5 6. d5 Bxc3+ 7. bxc3 Qh4+ 8. g3
Qf6 9. Bd2 e5 10. Bg2 Ne7 11. Ne2 Ba6 12. Qa4 Ng6 13. O-O Qd6 14. f4 f6 15. Rf2
O-O 16. f5 Ne7 17. g4 Nec6 18. dxc6 Qxd2 19. c7 Bb7 20. cxb8=Q Rfxb8 21. Rd1
Bc6 22. Rxd2 Bxa4 23. Ng3 b5 24. cxb5 Rxb5 25. Rb2 Rab8 26. Rxb5 Rxb5 27. Rd2
Rb1+ 28. Kf2 Rc1 29. Ne2 Ra1 30. c4 Bc6 31. Ke3 a5 32. Nc3 Kf7 33. Rd1 Rxd1 34.
Nxd1 g6 35. Nc3 g5 36. Bf3 Bb7 37. Bd1 Ba6 38. Ba4 Ke7 39. Nd5+ Kf7 40. Bb5 1-0

[Event "Guernsey Open"]
[Site "Guernsey GCI"]
[Date "2008.10.25"]
[Round "?.7"]
[White "Goris, Ton"]
[Black "Burrows, Martin P"]
[Result "0-1"]
[WhiteElo "2077"]
[BlackElo "2196"]
[PlyCount "116"]
[EventDate "2008.10.19"]
[SourceDate "2006.10.28"]

1. e4 c5 2. c3 d5 3. exd5 Qxd5 4. d4 e6 5. Nf3 Nf6 6. Na3 Qd8 7. Nc2 Nc6 8. Be3
cxd4 9. Ncxd4 Nxd4 10. Bxd4 a6 11. Bd3 Be7 12. O-O Bd7 13. Qe2 Qa5 14. Ne5 Rd8
15. Nc4 Qh5 16. Qxh5 Nxh5 17. Bb6 Rc8 18. Na5 Nf6 19. Rad1 O-O 20. Rd2 Nd5 21.
Bd4 b5 22. Be4 Bg5 23. Rdd1 Bd8 24. Nb3 Bc6 25. Bf3 Re8 26. Rfe1 Be7 27. Bc5
Bf6 28. Bd4 Bxd4 29. Nxd4 Ba8 30. h3 Red8 31. Nc2 Kf8 32. Ne3 Nf4 33. Rxd8+
Rxd8 34. Bxa8 Rxa8 35. Rd1 {(=)} Ke7 36. h4 Rd8 37. Rxd8 Kxd8 38. c4 b4 39. Nc2
a5 40. Nd4 Nd3 41. Nc6+ Kc7 42. Nxa5 Nxb2 43. Nb3 Nxc4 44. Kf1 Kd6 45. Ke2 Kd5
46. Kd3 e5 47. f3 f5 48. g3 g6 49. Nc1 e4+ 50. fxe4+ fxe4+ 51. Ke2 Ke5 52. Nb3
Nb6 53. Na5 Nd5 54. Kd2 Kf5 55. Nb7 Kg4 56. Nd6 e3+ 57. Ke2 Kxg3 58. h5 gxh5
0-1

[Event "Guernsey Open"]
[Site "Guernsey GCI"]
[Date "2008.10.25"]
[Round "?.7"]
[White "Bellin, Robert"]
[Black "Prins, Jan"]
[Result "1-0"]
[WhiteElo "2405"]
[BlackElo "2045"]
[PlyCount "51"]
[EventDate "2008.10.19"]
[SourceDate "2006.10.28"]

1. d4 d5 2. Nc3 Nf6 3. Bg5 h6 4. Bxf6 exf6 5. e3 c6 6. Bd3 Bd6 7. Qf3 Na6 8. a3
Nc7 9. Nge2 Ne6 10. h4 h5 11. e4 dxe4 12. Bxe4 Qb6 13. O-O-O Nc7 14. Bf5 Qa5
15. Ne4 Be7 16. Bxc8 Rxc8 17. N2g3 Ne6 18. Rd3 Rd8 19. Rhd1 Qd5 20. Kb1 b5 21.
Nf5 b4 22. axb4 Qb5 23. Nc3 Qa6 24. d5 cxd5 25. Nxd5 Bd6 26. Nxd6+ 1-0

[Event "Guernsey Open"]
[Site "Guernsey GCI"]
[Date "2008.10.25"]
[Round "?.7"]
[White "Minnican, Alan William"]
[Black "Goater, Kevin P"]
[Result "1-0"]
[WhiteElo "2086"]
[BlackElo "2205"]
[PlyCount "117"]
[EventDate "2008.10.19"]
[SourceDate "2006.10.28"]

1. Nf3 b6 2. g3 Bb7 3. Bg2 d6 4. O-O Nd7 5. c4 g6 6. Nc3 Bg7 7. d3 e6 8. Qd2
Ne7 9. b3 h6 10. Bb2 O-O 11. b4 e5 12. e4 a5 13. b5 Nc5 14. Rac1 f5 15. Ne1 f4
16. f3 Kh7 17. Ne2 fxg3 18. hxg3 Ng8 19. Bc3 h5 20. f4 Bh6 21. Qc2 h4 22. d4
exd4 23. Bxd4 hxg3 24. f5 gxf5 25. exf5 Nf6 26. Bxb7 Nxb7 27. Nf4 Rf7 28. Ne6
Qg8 29. Nf3 Rc8 30. Kg2 Qg4 31. Rh1 Nh5 32. Rh4 Qxf5 33. Rxh5 Qxc2+ 34. Rxc2
Kg6 35. Rh3 Bf4 36. Nxf4+ Rxf4 37. Rxg3+ Kf7 38. Ng5+ Ke7 39. Re2+ Kd7 40. Ne6
Rf7 41. Rg7 Rxg7+ 42. Nxg7 Rg8 43. Kf1 Nc5 44. Nf5 Rf8 45. Rf2 Ne4 46. Rf4 Nd2+
47. Ke2 Nxc4 48. Kf3 Ne5+ 49. Ke4 Ng6 50. Rf2 Re8+ 51. Kd5 Kc8 52. Rh2 Nf4+ 53.
Kc6 Ne6 54. Bf6 Nf4 55. Rh7 d5 56. Rxc7+ Kb8 57. Rd7 Rf8 58. Be5+ Ka8 59. Bxf4
1-0

[Event "Guernsey Open"]
[Site "Guernsey GCI"]
[Date "2008.10.25"]
[Round "?.7"]
[White "Spanton, Timothy"]
[Black "Heppell, Ian N"]
[Result "0-1"]
[WhiteElo "1982"]
[BlackElo "2168"]
[PlyCount "128"]
[EventDate "2008.10.19"]
[SourceDate "2006.10.28"]

1. e4 e5 2. d4 exd4 3. Nf3 Nc6 4. Nxd4 Qh4 5. Be2 Nf6 6. Nc3 Bb4 7. O-O Bxc3 8.
bxc3 Nxd4 9. cxd4 Nxe4 10. Bd3 d5 11. Ba3 Be6 12. Qe1 O-O-O 13. Qa5 Kb8 14.
Rab1 b6 15. Bc5 Bc8 16. Qb4 Nxc5 17. Qxc5 Rhe8 18. Qc3 Re6 19. Bb5 Rh6 20. Qg3
Qxd4 21. Rfd1 Qh4 22. Rb3 Qxg3 23. Rxg3 Rg6 24. Rxg6 hxg6 25. Bc6 Bb7 26. Ba4
a6 27. Re1 c5 28. c3 b5 29. Bb3 c4 30. Bc2 Bc6 31. Kf1 Re8 32. Rb1 Kc7 33. a4
bxa4 34. Ra1 a5 35. Bxa4 Bxa4 36. Rxa4 Kb6 37. Ra2 Ra8 38. Ke2 a4 39. Ra3 Re8+
40. Kd2 Ka5 41. Ra2 Re6 42. h4 Kb5 43. Ra3 Ra6 44. Ke3 Kc5 45. g3 Ra7 46. f3
Ra8 47. g4 Ra6 48. f4 Re6+ 49. Kf3 Kb5 50. g5 Re1 51. Kf2 Rb1 52. Ra2 Rb3 53.
Rc2 a3 54. Ke3 Kc5 55. f5 d4+ 56. Ke4 gxf5+ 57. Kxf5 Rxc3 58. Rh2 g6+ 59. Kf6
Rf3+ 60. Ke5 d3 61. Ke4 Rf1 62. h5 Re1+ 63. Kf3 gxh5 64. Rxh5 Kd4 0-1

[Event "Guernsey Open"]
[Site "Guernsey GCI"]
[Date "2008.10.25"]
[Round "?.7"]
[White "Taylor, Mark V"]
[Black "Thurlow, Kevin J"]
[Result "0-1"]
[WhiteElo "2146"]
[BlackElo "2062"]
[PlyCount "48"]
[EventDate "2008.10.19"]
[SourceDate "2006.10.28"]

1. d4 Nf6 2. c4 e6 3. Nf3 b6 4. g3 Bb7 5. Bg2 Be7 6. O-O O-O 7. d5 exd5 8. Nh4
c6 9. cxd5 Nxd5 10. Nf5 Na6 11. e4 Ndc7 12. Re1 Nc5 13. Nc3 Ba6 14. Qg4 g6 15.
Bh6 Nd3 16. Red1 Bc5 17. Rxd3 Bxd3 18. Rd1 Bc4 19. Bg5 f6 20. Nh6+ Kh8 21. Rxd7
Qc8 22. Nd5 Nxd5 23. exd5 fxg5 24. Qe6 Qe8 0-1

[Event "Guernsey Open"]
[Site "Guernsey GCI"]
[Date "2008.10.25"]
[Round "?.7"]
[White "Reijneveld, Ad"]
[Black "Brown, Tom"]
[Result "1/2-1/2"]
[WhiteElo "2196"]
[BlackElo "1966"]
[PlyCount "48"]
[EventDate "2008.10.19"]
[SourceDate "2006.10.28"]

1. Nc3 c5 2. Nf3 g6 3. d4 cxd4 4. Nxd4 Bg7 5. g3 Nc6 6. Nb3 Nf6 7. Bg2 d6 8.
O-O O-O 9. a4 Be6 10. h3 Qc8 11. Kh2 d5 12. e3 Rd8 13. Nd4 Bd7 14. Qe2 e5 15.
Nxc6 bxc6 16. b3 d4 17. Nd1 Bf5 18. e4 Be6 19. Nb2 c5 20. Bg5 h6 21. Bxf6 Bxf6
22. Rfd1 Rb8 23. Bf1 Rb4 24. Qf3 Bg7 1/2-1/2

[Event "Guernsey Open"]
[Site "Guernsey GCI"]
[Date "2008.10.25"]
[Round "?.7"]
[White "Norman, Kenneth I"]
[Black "Van Ingen, Ton"]
[Result "1/2-1/2"]
[WhiteElo "2192"]
[BlackElo "2051"]
[PlyCount "34"]
[EventDate "2008.10.19"]
[SourceDate "2006.10.28"]

1. Nf3 Nf6 2. g3 d5 3. Bg2 c6 4. O-O g6 5. b3 Bg7 6. Bb2 O-O 7. c4 e6 8. d3
Nbd7 9. Nbd2 b6 10. Qc2 Bb7 11. e4 c5 12. Rfe1 d4 13. b4 Qc7 14. bxc5 bxc5 15.
Reb1 Rfb8 16. Bc1 Bc8 17. Nb3 e5 1/2-1/2

[Event "Guernsey Open"]
[Site "Guernsey GCI"]
[Date "2008.10.25"]
[Round "?.7"]
[White "Vickery, Jim"]
[Black "Rowe, Peter"]
[Result "1/2-1/2"]
[WhiteElo "2113"]
[BlackElo "2053"]
[PlyCount "27"]
[EventDate "2008.10.19"]
[SourceDate "2006.10.28"]

1. d4 d5 2. Nf3 Nf6 3. c4 e6 4. Nc3 Nbd7 5. Bg5 c6 6. e3 Qa5 7. Bxf6 Nxf6 8.
cxd5 exd5 9. Bd3 Bd6 10. h3 h6 11. Qc2 Qc7 12. O-O O-O 13. Rfc1 Qe7 14. a3
1/2-1/2

[Event "Guernsey Open"]
[Site "Guernsey GCI"]
[Date "2008.10.25"]
[Round "?.7"]
[White "Kamps, JW."]
[Black "Collier, David O"]
[Result "1/2-1/2"]
[WhiteElo "2039"]
[BlackElo "2089"]
[PlyCount "44"]
[EventDate "2008.10.19"]
[SourceDate "2006.10.28"]

1. e4 c5 2. Nf3 d6 3. d4 cxd4 4. Nxd4 Nf6 5. Nc3 a6 6. g3 g6 7. Bg2 Bg7 8. O-O
O-O 9. h3 Bd7 10. a4 Nc6 11. Nde2 Rb8 12. g4 b5 13. axb5 axb5 14. Ng3 b4 15.
Nd5 Nxd5 16. exd5 Na5 17. Re1 Re8 18. Ra2 b3 19. cxb3 Nxb3 20. Be3 Qc7 21. Ne2
{(=)} Qc4 22. Ra7 Bc8 1/2-1/2

[Event "Guernsey Open"]
[Site "Guernsey GCI"]
[Date "2008.10.25"]
[Round "?.7"]
[White "Hamperl, Fred A"]
[Black "Hickman, John E"]
[Result "1/2-1/2"]
[WhiteElo "2076"]
[BlackElo "1989"]
[PlyCount "81"]
[EventDate "2008.10.19"]
[SourceDate "2006.10.28"]

1. e4 d6 2. d4 Nf6 3. Nc3 g6 4. Be3 c6 5. h3 Bg7 6. Nf3 O-O 7. Qd2 Qa5 8. Bd3
Nbd7 9. O-O e5 10. d5 cxd5 11. Nxd5 Qxd2 12. Nxf6+ Nxf6 13. Nxd2 d5 14. exd5
Nxd5 15. Bc5 Rd8 16. Rad1 Be6 17. c4 Nf4 18. Bb1 Nd3 19. Ba3 Rd7 20. b3 Rad8
21. Ne4 b6 22. Ng5 Bf5 23. g4 Nf4 24. Rxd7 Bxd7 25. Rd1 Ne2+ 26. Kf1 Nd4 27.
Be4 Bf6 28. Nf3 Nxf3 29. Bxf3 Be6 {(=)} 30. Rxd8+ Bxd8 31. Bd6 f6 32. Ke2 Kf7
33. Kd3 Be7 34. Bb8 a5 35. Bd5 Bc5 36. f4 exf4 37. Bxf4 h5 38. Ke4 hxg4 39.
hxg4 Ke7 40. Bxe6 Kxe6 41. Bc7 1/2-1/2

[Event "Guernsey Open"]
[Site "Guernsey GCI"]
[Date "2008.10.25"]
[Round "?.7"]
[White "Simmons, Matthew"]
[Black "Van der Sanden, Martin"]
[Result "1-0"]
[WhiteElo "2067"]
[BlackElo "1884"]
[PlyCount "51"]
[EventDate "2008.10.19"]
[SourceDate "2006.10.28"]

1. e4 e5 2. Nc3 Nf6 3. f4 d5 4. fxe5 Nxe4 5. Nf3 c5 6. Qe2 Nxc3 7. dxc3 Nc6 8.
Qf2 Be7 9. Bb5 O-O 10. Qg3 Re8 11. Bxc6 bxc6 12. Bh6 Bf8 13. O-O Bf5 14. Rae1
Bg6 15. Bc1 Be7 16. Qf4 Qd7 17. e6 Qd6 18. exf7+ Bxf7 19. Qa4 Qc7 20. Ne5 Bd6
21. Rxf7 Qxf7 22. Nxf7 Rxe1+ 23. Kf2 Rxc1 24. Nxd6 Rd8 25. Qxc6 Rxc2+ 26. Kg3
1-0

[Event "Guernsey Open"]
[Site "Guernsey GCI"]
[Date "2008.10.25"]
[Round "?.7"]
[White "Morcom, Hugh C"]
[Black "Ippel, Cornelius J"]
[Result "0-1"]
[WhiteElo "1978"]
[BlackElo "2065"]
[PlyCount "40"]
[EventDate "2008.10.19"]
[SourceDate "2006.10.28"]

1. e4 e6 2. d3 d5 3. Nd2 Nf6 4. Ngf3 c5 5. g3 Nc6 6. Bg2 Be7 7. O-O dxe4 8.
dxe4 e5 9. c3 Bg4 10. Qb3 Qc7 11. h3 Be6 12. Qc2 h6 13. b3 Rd8 14. Bb2 b5 15.
Rad1 O-O 16. Nh4 c4 17. Nf5 Bc5 18. bxc4 bxc4 19. Qa4 Na5 20. Ba3 Bd7 0-1